Tratamento de feridas excisionais de coelhos com extrato de barbatimão associado a células mononucleares autólogas da medula óssea (Registro n. 300710)
[ somente texto ]
| 000 -LÍDER | |
|---|---|
| fixed length control field | 04184nab a2200373 i 4500 |
| 003 - CÓDIGO MARC DA AGÊNCIA CATALOGADORA | |
| Campo de controle | BR-BrBNA |
| 005 - DATA E HORA DA ÚLTIMA ATUALIZAÇÃO | |
| Campo de controle | 20240801112130.0 |
| 008 - CAMPO DE TAMANHO FIXO | |
| fixed length control field | 240801b2017 bl.|r|pooa||| 00| 0 por | |
| 040 ## - FONTE DA CATALOGAÇÃO | |
| Agência catalogadora | BR-BrBNA |
| Idioma da catalogação | por |
| 072 ## - CATEGORIA AGRIS | |
| Código AGRIS | L70 |
| Código do objeto | 5600 |
| 100 ## - ENTRADA PRINCIPAL - NOME PESSOAL | |
| Nome pessoal | Rodrigues, D.F. |
| 100 ## - ENTRADA PRINCIPAL - NOME PESSOAL | |
| Nome pessoal | Mendes, F.F. |
| 100 ## - ENTRADA PRINCIPAL - NOME PESSOAL | |
| Nome pessoal | Menezes, L.B. |
| 100 ## - ENTRADA PRINCIPAL - NOME PESSOAL | |
| Nome pessoal | Carvalho, W.L. |
| 100 ## - ENTRADA PRINCIPAL - NOME PESSOAL | |
| Nome pessoal | Sá, S. |
| 100 ## - ENTRADA PRINCIPAL - NOME PESSOAL | |
| Nome pessoal | Silva, J.A. |
| 100 ## - ENTRADA PRINCIPAL - NOME PESSOAL | |
| Nome pessoal | L.A. Souza |
| 100 ## - ENTRADA PRINCIPAL - NOME PESSOAL | |
| Nome pessoal | L.A.F. Silva |
| 245 ## - TÍTULO PRINCIPAL | |
| Título principal | Tratamento de feridas excisionais de coelhos com extrato de barbatimão associado a células mononucleares autólogas da medula óssea |
| 500 ## - NOTA GERAL | |
| Nota geral | Publicação on-line; 23 ref.; 2 illus.; Summaries (En, Pt) |
| 942 ## - ADDED ENTRY ELEMENTS (KOHA) | |
| Koha item type | |
| 520 ## - NOTA DE RESUMO | |
| Nota de conteúdo | <br/><br/>RESUMO - Objetivou-se com este estudo avaliar o processo de cicatrização de feridas de coelhos tratadas com extrato de barbatimão (S. adstringens) associado a células mononucleares autólogas da medula óssea (CMMO). Utilizaram-se 20 coelhos, distribuídos em quatro grupos: B, extrato de barbatimão; CB, CMMO com extrato de barbatimão; CS, CMMO com solução fisiológica; S, solução fisiológica. Foi avaliada a presença de crosta, hiperemia, secreção, hemorragia, reepitelização, área da ferida e tempo de cicatrização. No terceiro, sétimo, 14º e 21º dias pós-operatório, realizou-se a biópsia das feridas e avaliaram-se os indicadores dos processos de inflamação e de reparo, com destaque para o colágeno, na coloração picrosírius, bem como de proliferação celular, na coloração AgNOR. Houve maior deposição de fibras colágenas nos grupos B e CB (P=0,00003) e formação de crostas mais espessas no sétimo dia, com fibras colágenas mais organizadas no 21º dia. Conclui-se<br/>que o barbatimão estimula a produção de fibras colágenas e promove a formação de crostas mais espessas sobre a ferida na fase inicial da cicatrização e, na fase de remodelação, favorece a orientação das fibras colágenas. Além disso, a associação desse fitoterápico com CMMO não estimula a cicatrização de feridas.<br/><br/><br/>Palavras-chave: AgNOR, cicatrização, colágeno, Stryphnodendron adstringens, terapia celular |
| 520 ## - NOTA DE RESUMO | |
| Nota de conteúdo | <br/><br/>ABSTRACT - This study aimed to evaluate the healing process of wounds of rabbits in response to treatment with barbatiman extract (S. adstringens) associated with autologous mononuclear bone marrow cells (BM-MNC). We used 20 rabbits, divided into four groups: B, 10% barbatiman extract with 9.48% of total tannins; CB, BM-MNC with barbatiman extract; CS, BM-MNC with NaCl 0.9% solution; S, NaCl 0.9% solution. Clinical evaluation was performed by observing the presence of crust, redness, discharge, bleeding, re-epithelialization, the wound area and healing time in days. In the third, seventh, 14th and 21st postoperative days wounds were biopsied for microscopic evaluation of inflammation and repair process indicators, especially collagen, in picrosirius staining, and cell proliferation, in AgNOR staining. There was a greater deposition of collagen fibers in groups B and CB (p=0.00003) on the seventh day and formation of thicker crusts, and more organized collagen fibers on the 21st day in these groups. In conclusion, in the initial phase of healing, barbatiman extract stimulates the production of collagen fibers and promotes the formation of more exuberant crusts on the wounds and remodeling phase favors the orientation of collagen fibers, but when combined with BMMC does not stimulate wound healing in rabbits.<br/><br/><br/>Keywords:AgNOR, cell therapy, collagen, wound healing, Stryphnodendron adstringens |
| 650 ## - ASSUNTO - THESAGRO | |
| Cabeçalho tópico ou nome geográfico | COELHO |
| 650 ## - ASSUNTO - THESAGRO | |
| Cabeçalho tópico ou nome geográfico | LESÃO |
| 650 ## - ASSUNTO - THESAGRO | |
| Cabeçalho tópico ou nome geográfico | CICATRIZAÇÃO |
| 650 ## - ASSUNTO - THESAGRO | |
| Cabeçalho tópico ou nome geográfico | COLÁGENO |
| 650 ## - ASSUNTO - THESAGRO | |
| Cabeçalho tópico ou nome geográfico | ALOPATIA |
| 650 ## - ASSUNTO - THESAGRO | |
| Cabeçalho tópico ou nome geográfico | EXTRATO VEGETAL |
| 650 ## - ASSUNTO - THESAGRO | |
| Cabeçalho tópico ou nome geográfico | BARBATIMÃO |
| 773 0# - ENTRADA ANALÍTICA | |
| Host Biblionumber | 1643 |
| Registro do item | 316243 |
| Imprenta | Belo Horizonte-MG Universidade Federal de Minas Gerais - Escola de Veterinaria 1983 |
| Outro identificador | 2024-2644 |
| Título | Arquivo Brasileiro de Medicina Veterinária e Zootecnia (Brazil) |
| ISSN | 0102-0935 |
| Colação | v. 69(5) p. 1243-1250; (2017) |
| Número de controle de registro | 2024002205 |
| 856 ## - ACESSO E ENDEREÇO ELETRÔNICO | |
| Identificador uniforme de recurso - URI | https://www.scielo.br/j/abmvz/a/ysZBQb8gRGzQNXMbP5CLfrr/?format=pdf&lang=pt |
Nenhum exemplar disponível.

BINAGRI